00838nam a2200241Ia 450000100060000000300090000600800410001504000130005604000130006904100130008210000230009510000290011824500740014724500630022125000110028426000140029526000100030926000490031930000590036850000970042765000410052465000310056586649IT-RoPAU130308s9999 xx 000 0 und d aIT-RoPAU cIT-RoPAU aSPAGNOLO aDe Fontcuberta Mar gCodice Aut. SPICS: 30844 aUna respuesta alternativa a las grandes agencias: Inter-Press Service bComunicacion internacional (La)-Enciclopedia de Periodismo a1a ed. aBARCELONA bMitre c1985 [1° Ed.:1985 - Ed.Ling.Originale:1985] a"13 p. (prefazione: no ; testo: 13 [pagine: 127-139])" aRisposta Alternativa Alle Grandi Agenzie Inter Press Service Ips Statuto e Politica dell'Ips aPOLITICA DELLA COMUNICAZIONE SOCIALE eCodice materia Spics: 3803